A text book on Engineering Chemistry / (Record no. 38008)
[ view plain ]
| 000 -LEADER | |
|---|---|
| fixed length control field | 00664nam a22001937a 4500 |
| 005 - DATE AND TIME OF LATEST TRANSACTION | |
| control field | 20100728102933.0 |
| 010 ## - LCCN (DPL NO) | |
| LC control number | ENG-97195 |
| 020 ## - INTERNATIONAL STANDARD BOOK NUMBER | |
| International Standard Book Number | 9788190792189 |
| Terms of availability | 125.00 |
| 035 ## - SYSTEM CONTROL NUMBER | |
| System control number | EN-80728 |
| 037 ## - SOURCE OF ACQUISITION | |
| Source of stock number/acquisition | DBAD/PUB |
| 082 ## - DEWEY DECIMAL CLASSIFICATION NUMBER | |
| Classification number | 660 |
| 100 ## - MAIN ENTRY--PERSONAL NAME | |
| Personal name | Durairaj, P |
| 245 ## - TITLE STATEMENT | |
| Title | A text book on Engineering Chemistry / |
| Statement of responsibility, etc | by P Durairaj |
| 260 ## - PUBLICATION, DISTRIBUTION, ETC. (IMPRINT) | |
| Place of publication, distribution, etc | Tamil Nadu |
| Name of publisher, distributor, etc | Wisdom Publications |
| Date of publication, distribution, etc | 2006 |
| 270 ## - ADDRESS | |
| Address | 59, Police Line 6th Street, Panruti, Cuddalore (DT) |
| City | Tamil Nadu |
| Postal code | 607106 |
| 300 ## - PHYSICAL DESCRIPTION | |
| Extent | 78 p. |
| Dimensions | 26 cm.(pbk) |
| 942 ## - ADDED ENTRY ELEMENTS (KOHA) | |
| Source of classification or shelving scheme | Dewey Decimal Classification |
| Item type | English Books |
| Classification part | 660 |
| Call number suffix | DUR |
| Withdrawn status | Lost status | Not for loan | Collection code | Home library | Current library | Date acquired | Source of acquisition | Cost, normal purchase price | Full call number | Barcode | Copy number | Cost, replacement price | Koha item type |
|---|---|---|---|---|---|---|---|---|---|---|---|---|---|
| Not For Loan | Non-fiction | D.B.Act.Division | D.B.Act.Division | 28/07/2010 | DBAD/PUB | 125.00 | 660 DUR | EN-80728 | 1 | 125.00 | English Books |
